Political science and government (Record no. 22160)

000 -LEADER
fixed length control field 00451nam a22001817a 4500
001 - CONTROL NUMBER
control field 22160
003 - CONTROL NUMBER IDENTIFIER
control field BD-DhUET
008 - FIXED-LENGTH DATA ELEMENTS--GENERAL INFORMATION
fixed length control field 150423b xxu||||| |||| 00| 0 eng d
040 ## - CATALOGING SOURCE
Original cataloging agency DLC
Transcribing agency DLC
Modifying agency BD-DhUET
082 ## - DEWEY DECIMAL CLASSIFICATION NUMBER
Classification number 320
Item number HAF/1970
100 ## - MAIN ENTRY--PERSONAL NAME
Personal name Hafiz Habibur Rahman
245 ## - TITLE STATEMENT
Title Political science and government
250 ## - EDITION STATEMENT
Edition statement 8th ed.
260 ## - PUBLICATION, DISTRIBUTION, ETC. (IMPRINT)
Place of publication, distribution, etc. Dacca
Name of publisher, distributor, etc. Ideal Publications
Date of publication, distribution, etc. 1970
300 ## - PHYSICAL DESCRIPTION
Extent ix,183 p.
650 #0 - SUBJECT ADDED ENTRY--TOPICAL TERM
Topical term or geographic name as entry element Political science
942 ## - ADDED ENTRY ELEMENTS (KOHA)
Koha item type General Book
Holdings
Koha issues (times borrowed) Koha full call number Koha date last seen Damaged status Sublocation or collection (holding branch) Shelving location Koha date last borrowed Not for loan Source of classification or shelving scheme Location (home branch) Lost status Date acquired Koha normalized classification for sorting Copy number Price effective from Piece designation (barcode) Withdrawn status Koha item type
1320/HAF/19702017-05-08 Central Library, BUETCirculation section2017-03-19  Central Library, BUET 2015-04-23320_000000000000000_HAF_197012015-04-2317115 Contented Book
 320/HAF/19702017-05-16 Central Library, BUETCirculation section   Central Library, BUET 1970-12-15320_000000000000000_HAF_197022017-05-1617114 General Book